000 01068nam a2200289 a 4500
001 460
003 BR-CuiBMT
005 20231129142343.0
008 231107s2007 rjba 00| 0 eng d
020 _a9788535227543
040 _aBR-CuiBMT
_cBR-CuiBMT
080 _22007
_a351.72
_x(079.1)
090 _a351.72(079.1)
_bF475l
_c5. ed.
100 1 _aFigueirêdo, Carlos Maurício
245 1 0 _aLei de responsabilidade fiscal :
_bteoria, jurisprudência e mias de 150 questões /
_cCarlos Maurício Figueirêdo, Marcos Nóbrega.
250 _a5. ed., atual.
260 _aRio de Janeiro :
_bElsevier,
_c2007.
300 _a180 p. :
_bil. ;
_c24 cm
490 1 _aSérie provas e concursos
500 _aEdição atualizada até a emenda nº 53/2006.
504 _aInclui bibliografia.
650 _aResponsabilidade fiscal
_vProblemas e exercícios, etc.
_zBrasil
650 _aAdministração pública
_vProblemas e exercícios, etc.
_xResponsabilidade tributária
_zBrasil
700 1 _aNóbrega, Marcos,
_d1969-
830 0 _aProvas e concursos
942 _2udc
_cLV
999 _c460
_d460